| 000 | 00000nam##2200000za#4500 |
| 001 | 9.640901 |
| 003 | CaOODSP |
| 005 | 20241105150728 |
| 007 | cr ||||||||||| |
| 008 | 150407|2012||||xxc|||||o f|0| 0 fre|d |
| 020 | |a978-1-100-99889-3 |
| 040 | |aCaOODSP|bfre |
| 043 | |an-cn--- |
| 086 | 1 |aIu71-4/30-2012F-PDF |
| 110 | 2 |aOffice de la propriété intellectuelle du Canada. |
| 245 | 10|aJean Laflèche - étude de cas |h[ressource électronique] |
| 250 | |aÉdition revue : août 2012 |
| 260 | |aOttawa - Ontario : |bIndustrie Canada. |cc2012. |
| 300 | |a16p. |
| 590 | |a14-03-Supp|b2014-01-17 |
| 775 | 08|tJohn Thomson - case study |w(CaOODSP)9.696798 |
| 856 | 40|ahttp://publications.gc.ca|qPDF|s396 Ko|uhttps://publications.gc.ca/collections/collection_2014/opic-cipo/Iu71-4-30-2012-fra.pdf |